Engineering design for process facilities (Record no. 611409)

000 -LEADER
fixed length control field 00376nam a22001337a 4500
020 ## - INTERNATIONAL STANDARD BOOK NUMBER
International Standard Book Number 9780070400108
040 ## - CATALOGING SOURCE
Transcribing agency Nust
082 ## - DEWEY DECIMAL CLASSIFICATION NUMBER
Classification number 620.0042
Author Mark MAN
100 ## - MAIN ENTRY--PERSONAL NAME
Personal name Scott Mansfield
9 (RLIN) 125705
245 ## - TITLE STATEMENT
Title Engineering design for process facilities
260 ## - PUBLICATION, DISTRIBUTION, ETC.
Place of publication, distribution, etc. New York:
Name of publisher, distributor, etc. McGraw-Hill,
Date of publication, distribution, etc. 1993.
650 ## - SUBJECT ADDED ENTRY--TOPICAL TERM
Topical term or geographic name entry element Engineering design for process facilities
9 (RLIN) 125706
942 ## - ADDED ENTRY ELEMENTS (KOHA)
Source of classification or shelving scheme
Koha item type Book
Holdings
Withdrawn status Lost status Source of classification or shelving scheme Damaged status Not for loan Permanent Location Current Location Shelving location Date acquired Full call number Barcode Date last seen Price effective from Koha item type Public note
          College of Electrical & Mechanical Engineering (CEME) College of Electrical & Mechanical Engineering (CEME) General Stacks 09/07/2024 620.0042 MAN CEME- 33175 09/07/2024 09/07/2024 Book 4.1
© 2023 Central Library, National University of Sciences and Technology. All Rights Reserved.